UM Logo

An introduction to criticism : (Record no. 5820)

MARC details
000 -LEADER
fixed length control field 01819cam a22003134a 4500
001 - CONTROL NUMBER
control field 16927241
005 - DATE AND TIME OF LATEST TRANSACTION
control field 20161121110920.0
008 - FIXED-LENGTH DATA ELEMENTS--GENERAL INFORMATION
fixed length control field 110819s2012 enk 001 0 eng
010 ## - LIBRARY OF CONGRESS CONTROL NUMBER
LC control number 2011035306
020 ## - INTERNATIONAL STANDARD BOOK NUMBER
International Standard Book Number 978-1-405-18282-9 (paper)
040 ## - CATALOGING SOURCE
Original cataloging agency DLC
Transcribing agency DLC
Modifying agency DLC
042 ## - AUTHENTICATION CODE
Authentication code pcc
050 00 - LIBRARY OF CONGRESS CALL NUMBER
Classification number PN81
Item number .L93 2012
082 00 - DEWEY DECIMAL CLASSIFICATION NUMBER
Classification number DC 801.95
Edition number 2012
Item number R95
084 ## - OTHER CLASSIFICATION NUMBER
Classification number LIT006000
Number source bisacsh
100 1# - MAIN ENTRY--PERSONAL NAME
Personal name Ryan, Michael,
Dates associated with a name 1951-
245 13 - TITLE STATEMENT
Title An introduction to criticism :
Remainder of title literature, film, culture /
Statement of responsibility, etc. Michael Ryan.
260 ## - PUBLICATION, DISTRIBUTION, ETC. (IMPRINT)
Place of publication, distribution, etc. Chichester, West Sussex ;
-- Malden, MA :
Name of publisher, distributor, etc. Wiley-Blackwell,
Date of publication, distribution, etc. 2012.
300 ## - PHYSICAL DESCRIPTION
Extent xii, 193 pages, [16] p. of plates :
Other physical details illustrations ;
Dimensions 23 cm.
500 ## - GENERAL NOTE
General note Includes index.
520 ## - SUMMARY, ETC.
Summary, etc. "An accessible and thorough introduction to literary theory and contemporary critical practice, this book is an essential resource for beginning students of literary criticism. Covers traditional approaches such as formalism and structuralism, as well as more recent developments in criticism such as evolutionary theory, cognitive studies, ethical criticism, and ecocriticism Offers explanations of key works and major ideas in literary criticism and suggests key elements to look for in a literary text Also applies critical approaches to various examples from film studies Enables students to build a critical framework and write analytically "--
650 #0 - SUBJECT ADDED ENTRY--TOPICAL TERM
Topical term or geographic name as entry element Criticism.
650 #7 - SUBJECT ADDED ENTRY--TOPICAL TERM
Topical term or geographic name as entry element LITERARY CRITICISM / Semiotics & Theory.
Source of heading or term bisacsh
856 42 - ELECTRONIC LOCATION AND ACCESS
Materials specified Cover image
Uniform Resource Identifier <a href="http://catalogimages.wiley.com/images/db/jimages/9781405182836.jpg">http://catalogimages.wiley.com/images/db/jimages/9781405182836.jpg</a>
365 ## - TRADE PRICE
Price amount 3,353.21
Currency code Php
906 ## - LOCAL DATA ELEMENT F, LDF (RLIN)
a 7
b cbc
c orignew
d 1
e ecip
f 20
g y-gencatlg
942 ## - ADDED ENTRY ELEMENTS (KOHA)
Source of classification or shelving scheme Dewey Decimal Classification
Koha item type Circulation
Holdings
Withdrawn status Lost status Source of classification or shelving scheme Damaged status Not for loan Collection code Home library Current library Shelving location Date acquired Source of acquisition Cost, normal purchase price Total Checkouts Full call number Barcode Date last seen Date last checked out Copy number Price effective from Koha item type
    Dewey Decimal Classification     Circulation UM Digos College - LIC UM Digos College - LIC Book Cart 10/27/2016 Purchased 3.00 18 DC 801.95 R95 2012 24472 05/15/2025 12/11/2019 1 11/21/2016 Circulation